Normal view
MARC view
- Government business enterprises--Egypt--Management
Entry Topical Term
001 - CONTROL NUMBER
- control field: 2944
003 - CONTROL NUMBER IDENTIFIER
- control field: JO-AjAnu
005 - DATE AND TIME OF LATEST TRANSACTION
- control field: 20230606070802.0
008 - FIXED-LENGTH DATA ELEMENTS
- fixed length control field: 230606|| aca||aabn | a|a d
040 ## - CATALOGING SOURCE
- Original cataloging agency: JO-AjAnu
- Transcribing agency: JO-AjAnu
150 ## - HEADING--TOPICAL TERM
- Topical term or geographic name entry element: Government business enterprises--Egypt--Management
670 ## - SOURCE DATA FOUND
- Source citation: Work cat.: (JO-AjAnu)1542: Youssef,Samir M, author 2943, SYSTEM OF MANAGEMENT IN EGYPTIAN PUBLIC ENTERPRISES